Movies Quiz

Random Movies or Box Office Quiz

Highest Grossing PG Rated Movies Slideshow Quiz Stats

 Plays Quiz Updated May 12, 2019

Score 0/25 Timer 05:00
3 Plays Today
% Correct
Beauty and the Beast (2017), $504,014,165
99.4%
E.T.: The Extra Terrestrial (1982) $435,110,554
98.5%
Alice in Wonderland (2010) $334,191,110
94.9%
Shrek the Third (2007) $322,719,944
94.9%
Frozen (2013) $400,738,009
94.9%
Home Alone (1990) $285,761,243
93.2%
Up (2009) $293,004,164
92.2%
The Jungle Book (2016) $364,001,123
91.8%
Minions (2015) $336,045,770
91.6%
Star Wars - (1977) $460,998,007
91.4%
The Incredibles 2 (2018), $608,581,744
91.4%
Shrek 2 (2004) $441,226,247
87.9%
The Secret Life of Pets (2016) $368,384,330
86%
% Correct
Harry Potter and the Sorcerer's Stone (2001) $317,575,550
85.4%
Finding Dory (2016) $486,295,561
83.5%
Despicable Me 2 (2013) $368,061,265
82.9%
Inside Out (2015) $356,461,711
82.8%
Zootopia (2016) $341,268,248
82.1%
Star Wars: Episode VI - Return of the Jedi (1983) $309,306,177
75.7%
Star Wars: Episode V - The Empire Strikes Back (1980) $290,475,067
72.1%
Star Wars: Episode I - The Phantom Menace (1999) $474,544,677
71.9%
Harry Potter and the Half-Blood Prince (2009) $302,089,278
68.6%
The Chronicles of Narnia: The Lion, the Witch and the Wardrobe (2005) $291,710,957
64.9%
Star Wars: Episode II - Attack of the Clones (2002) $310,676,740
63.6%
Dr. Seuss' The Grinch (2018) $270,620,950
62.8%

You're not logged in!

Compare scores with friends on all Sporcle quizzes.
OR
Log In

Show Comments

Extras

Top Quizzes Today


Score Distribution

Your Account Isn't Verified!

In order to create a playlist on Sporcle, you need to verify the email address you used during registration. Go to your Sporcle Settings to finish the process.

Report this User

Report this user for behavior that violates our Community Guidelines.

Details: